000 00507 a2200181 4500
003 OSt
005 20231206102120.0
008 231206b |||||||| |||| 00| 0 eng d
020 _a9788130019161
040 _coclc
082 _a894.8123
_bMUR/C
100 _aMurugan, Perumal
_96446
245 _aChithagni /
_cPerumal Murugan
250 _a4th ed.
260 _aKozhikode:
_bPoorna Publications,
_c2022.
300 _a136p.
942 _2ddc
_cBK
_h894.8123
_iMUR/C
_k894.8123
_mMUR/C
999 _c43995
_d43995